| 000 | 00557nam a22001937a 4500 | ||
|---|---|---|---|
| 005 | 20251108170521.0 | ||
| 008 | 250721s1999 xx 000 0 ara d | ||
| 082 | 1 | 4 | _a378.16/سام |
| 100 | 1 | _aسامي، عريفج | |
| 245 | 1 | 0 | _aفي القياس و التقييم / |
| 250 | _aط4 | ||
| 264 | 1 |
_aعمان : _bدار مجدلاوي، _c1999. |
|
| 300 | _a126ص | ||
| 650 | 1 | 7 | _aالإختبارات و القياسات التربوية |
| 650 | 1 | 7 | _aالمناهج |
| 700 | 1 | _aمصلح، خالد حسين | |
| 942 |
_2ddc _cBK |
||
| 999 |
_c42417 _d42417 |
||